| 000 | 00564nam a2200193Ia 4500 | ||
|---|---|---|---|
| 005 | 20250923145048.0 | ||
| 008 | 008 250917s9999 xx 000 0 eng d | ||
| 037 | _aTextual | ||
| 040 |
_aDSWL _beng _cDSWL |
||
| 041 |
_aeng _2eng |
||
| 084 |
_aT55w21.Mr6,M6, K6 _qDSWL |
||
| 100 |
_aFelton, Monica _9831394 |
||
| 245 | 2 |
_aA child widow's story _cby Monica Felton |
|
| 260 |
_aLondon _bvictor Gollancz Ltd. _c1966 |
||
| 365 |
_aINR _b29.40 |
||
| 925 | _g29.40 | ||
| 942 |
_cTEXL _hT55w21.Mr6,M6, K6 |
||
| 999 |
_c1446608 _d1446608 |
||